00360nam a2200133Ia 4500003000400000005001700004008004100021040000900062082002000071100002400091245005700115260004500172300000900217OSt20200512130556.0190216s9999||||xx |||||||||||||| ||und|| coclc a297.1227bMOU/M aMoududi, Abul A'ala 4aThe Meaning Of The Quran Vol 3 /cAbul A'ala Moududi bMarkazi Maktaba Islami,c1982.a Delhi: a379p